| 000 | 00635cam a22002294a 4500 | ||
|---|---|---|---|
| 999 |
_c140883 _d140883 |
||
| 003 | UPN | ||
| 005 | 20240803063825.0 | ||
| 008 | 090204s1995 es r 000 f spa d | ||
| 020 | _a842612917X | ||
| 035 | _aUPN01000168777 | ||
| 040 |
_aUPN _bspa _cUPN |
||
| 049 | _aCG | ||
| 050 | 4 |
_aPT2672 A4.4 _bV4.2 |
|
| 100 | 1 |
_aLange, Hartmut, _943395 _d1937- |
|
| 245 | 1 | 3 |
_aEl viaje a Trieste / _cHartmut Lange ; tr. Herminia Dauer. |
| 260 |
_aBarcelona, Esp. : _bJuventud, _c1995. |
||
| 300 | _a110 p. | ||
| 534 |
_pTÃtulo original: _tDie reise nach Triest |
||
| 650 | 4 |
_aNovela alemana _911856 |
|
| 905 | _aLibro | ||
| 942 |
_2lcc _cLIBRO |
||